Movies Quiz

Random Movies Quiz

Movie Replacements Quiz Stats

 Plays Quiz not verified by Sporcle

Challenge
Share
Tweet
Embed
Score 0/14 Timer 05:00
0 Plays Today
Description New Title % Correct
1954: An invalid suspects his apartment is paned in actual glass.Real Window
78.9%
1983: Han, Leia, Luke, and the gang are surprised to discover a small forest moon populated entirely by Clampett clones.Return of the Jeds
68.4%
1993: Things take a turn for the worse when Wyatt Earp, a Western sheriff in a feud with the Cowboys gang, reveals he has an incendiary device and he isn’t afraid to use it.Bombstone
63.2%
1979: The crew of the Nostromo battles 90s-era sitcom star Tim “The Toolman” Taylor in a desperate attempt to contain the horror and get home safely.Allen
57.9%
2008: A brooding billionaire fights a mold infestation in his sprawling mansion by donning a cape and going undercover. The Dank Knight
55.3%
2003: A furry alien puppet journeys to New York during the holiday season to find his estranged father and ends up saving Christmas.Alf
55.3%
1988: Long-lost brothers, the results of genetic experimentation, set off in search of their mother…and the ultimate diet.Thins
52.6%
Description New Title % Correct
2000: A crazed Wall Street executive imagines discussing the theories of Freud and Jung with his peers…or is it all real?American Psyche
47.4%
1994: A husband, whose clandestine job has been kept secret from his wife, argues with her over their Tupperware collection.True Lids
44.7%
2006: FBI agent Neville Flynn uncovers a plot to bring down a flight to LA using copious amounts of milk, ice cream, and blenders.Shakes on a Plane
36.8%
1998: A colony of plucky insects work together to defeat a treasonous group of warriors and their plan to defund music education and theater in the public schools.Artz
34.2%
2014: In a dystopian future where everyone is equal, one boy longs for the freedom to jump into pools.The Diver
28.9%
1962: Wealthy playboy Leslie and his nemesis, the evil Professor Fate, find themselves strangely infatuated with the same pair of voluptuous breasts.The Great Rack
13.2%
1955: A wealthy American widow and her attractive daughter team up with a reformed criminal to hunt down the remains of Crazy Horse.To Catch a Chief
7.9%

You're not logged in!

Compare scores with friends on all Sporcle quizzes.
Join for Free
OR
Log In

You Might Also Like...

Show Comments

Extras

Created Apr 4, 2016ReportNominate
Tags:change-a-letter

Top Quizzes Today


Score Distribution

Your Account Isn't Verified!

In order to create a playlist on Sporcle, you need to verify the email address you used during registration. Go to your Sporcle Settings to finish the process.

Report this User

Report this user for behavior that violates our Community Guidelines.

Details: